Color the Historical Flags #1 - Statistics

General Stats
  • This quiz has been taken 929 times
  • The average score is 5 of 6
Answers on the Map
Answers color-coded by a green-red scale on the quiz's map according to % correct below.
 
Answer Stats
Answer % Correct
Red
90%
Yellow/Gold
81%
Blue
79%
White
79%
Green
68%
Black
61%
No matching quizzes found
Score Distribution
Percent of People with Each Score
Percentile by Number Answered
Your Score History
You have not taken this quiz